| 000 | 00821nam a2200205Ia 4500 | ||
|---|---|---|---|
| 003 | OSt | ||
| 005 | 20210423122041.0 | ||
| 008 | 210310s1989 ck gr 000 0 spa d | ||
| 040 |
_aCO-JMCR _cCO-JMCR |
||
| 041 | 0 | _aspa | |
| 082 | 0 | 4 |
_a336.861 / _bB213e _223 |
| 110 | 2 |
_aBanco de la República. _bDepartamento de Investigaciones Económicas. Sección de Finanzas Públicas. _937095 |
|
| 245 | 1 | 0 |
_aEstadísticas fiscales del sector público no financiero 1980-1989 : _bcobertura y metodología / _cBanco de la República |
| 260 |
_aBogotá : _bBanco de la República, _c[1989?] |
||
| 300 |
_b[64] páginas ; _c27 cm. |
||
| 500 | _aIncluye notas a pie de página. | ||
| 650 | 1 | 4 |
_aHacienda pública _915234 _vEstadísticas _y1980-1989 _zColombia |
| 650 | 2 | 4 |
_aEstadística fiscal _y1980-1989 _zColombia _937096 |
| 942 |
_2ddc _cBK |
||
| 999 |
_c7712 _d7712 |
||